Stock exchange (Record no. 75228)

MARC details
000 -LEADER
fixed length control field 01000cab a2200193 4500
001 - CONTROL NUMBER
control field L129716
008 - FIXED-LENGTH DATA ELEMENTS--GENERAL INFORMATION
fixed length control field 050516n2005 000 0 eng u
035 ## - SYSTEM CONTROL NUMBER
System control number (Sirsi) u129716
041 ## - LANGUAGE CODE
Language code of text/sound track or separate title eng
100 ## - MAIN ENTRY--PERSONAL NAME
Personal name Williams, Austin
245 ## - TITLE STATEMENT
Title Stock exchange
260 ## - PUBLICATION, DISTRIBUTION, ETC.
Date of publication, distribution, etc. 2005
490 ## - SERIES STATEMENT
Series statement Architects' Journal
Volume/sequential designation 221(17) 5 May 2005 44(1)
520 ## - SUMMARY, ETC.
Summary, etc. Describes the changes that are occurring to the Building Regulations 2000 Approved Document L1 (2002 edition). Notes that anyone intending to install or replace a gas fired boiler in England and Wales is already facing changes and similar revisions are now about to be introduced for replacing oil-fired or solid-fuel boilers. Argues that many building controllers may be able to avoid these regulations if it is considered unreasonable for them to make these changes to a condensing boiler.
590 ## - LOCAL NOTE (RLIN)
Local note IKA190505
650 ## - SUBJECT ADDED ENTRY--TOPICAL TERM
Topical term or geographic name entry element BUILDING REGULATIONS 2000 APPROVED DOCUMENT L1 (2002 EDITION)
690 ## - LOCAL SUBJECT ADDED ENTRY--TOPICAL TERM (OCLC, RLIN)
Topical term or geographic name as entry element Building regulations
9 (RLIN) 6224
942 ## - ADDED ENTRY ELEMENTS (KOHA)
Suppress in OPAC 0
Holdings
Withdrawn status Lost status Source of classification or shelving scheme Damaged status Not for loan Home library Current library Shelving location Date acquired Total Checkouts Full call number Barcode Date last seen Copy number Price effective from Koha item type
    Dewey Decimal Classification     London London Journal article 16/05/2005   L129716 129716-1001 06/08/2019 1 06/08/2019 Journal article